Fr. Conceicao Rodrigues College of Engineering

schaums outline of theory and problem of programming with Basics (Record no. 25499)

MARC details
000 -LEADER
fixed length control field 00379nam a2200157Ia 4500
082 ## - DEWEY DECIMAL CLASSIFICATION NUMBER
Classification number 5.13
Item number GOT
100 ## - MAIN ENTRY--PERSONAL NAME
Personal name Gottfried /Byron S.
250 ## - EDITION STATEMENT
Edition statement 3
245 ## - TITLE STATEMENT
Title schaums outline of theory and problem of programming with Basics
260 ## - PUBLICATION, DISTRIBUTION, ETC.
Name of publisher, distributor, etc. Mc Graw Hill
Place of publication, distribution, etc. New york
Date of publication, distribution, etc. 1986
300 ## - PHYSICAL DESCRIPTION
Extent 386
546 ## - LANGUAGE NOTE
Language note ENGLISH
654 ## - SUBJECT ADDED ENTRY--FACETED TOPICAL TERMS
Focus term Basics Programming
942 ## - ADDED ENTRY ELEMENTS (KOHA)
Koha item type BOOK
Holdings
Withdrawn status Lost status Damaged status Not for loan Collection Home library Current library Date acquired Total Checkouts Full call number Barcode Date last seen Price effective from Koha item type
        CRC Fr. Agnel's C.Rodrigues College of Engineering Fr. Agnel's C.Rodrigues College of Engineering 17/03/2023   5.13 GOT 10660 17/03/2023 17/03/2023 BOOK